书目信息 |
| 题名: |
民事诉讼法教程
|
|
| 作者: | 潘剑锋 主编 | |
| 分册: | ||
| 出版信息: | 北京 当代世界出版社 2000.10 |
|
| 页数: | 368页 | |
| 开本: | 21cm | |
| 丛书名: | ||
| 单 册: | ||
| 中图分类: | D925.1 | |
| 科图分类: | ||
| 主题词: | 民事诉讼法--中国--教材 | |
| 电子资源: | ||
| ISBN: | 7-80115-355-3 | |
| 000 | 00791nam0 22002172 4500 | |
| 001 | 192004002223 | |
| 005 | 20070906151738.56 | |
| 010 | @a7-80115-355-3@dCNY15.50 | |
| 100 | @a20070601d2000 ekmy0chiy0121 ea | |
| 101 | 0 | @achi |
| 102 | @aCN@b110000 | |
| 105 | @ay z 000yy | |
| 200 | 1 | @a民事诉讼法教程@Amin shi su song fa jiao cheng@f潘剑锋主编 |
| 210 | @a北京@c当代世界出版社@d2000.10 | |
| 215 | @a368页@d21cm | |
| 330 | @a本书以马列主义毛泽东思想、邓小平理论和三个代表重要思想为指导,以我国现行的民事诉讼为依据,简明扼要地阐述了民事诉讼法的基本理论和基本知识。本书适合于党校、行政学院、高等院校和基他成人高等教育有关专业教学使用。 | |
| 606 | 0 | @a民事诉讼法@y中国@j教材 |
| 690 | @aD925.1@v4 | |
| 701 | 0 | @a潘剑锋@Apan jian feng@4主编 |
| 801 | 2 | @aCN@c20070906 |
| 905 | @dD925.1@eP141 | |
| 民事诉讼法教程/潘剑锋主编.-北京:当代世界出版社,2000.10 |
| 368页;21cm |
| ISBN 7-80115-355-3:CNY15.50 |
| 本书以马列主义毛泽东思想、邓小平理论和三个代表重要思想为指导,以我国现行的民事诉讼为依据,简明扼要地阐述了民事诉讼法的基本理论和基本知识。本书适合于党校、行政学院、高等院校和基他成人高等教育有关专业教学使用。 |
| ● |
| 相关链接 |
|
|
|
正题名:民事诉讼法教程
索取号:D925.1/P141
 
预约/预借
| 序号 | 登录号 | 条形码 | 馆藏地/架位号 | 状态 | 备注 |
| 1 | 620954 | 206209547 | 社科库509/509社科库 100排1列6层/ [索取号:D925.1/P141] | 在馆 | |
| 2 | 620955 | 206209556 | 社科库509/509社科库 100排1列6层/ [索取号:D925.1/P141] | 在馆 | |
| 3 | 620956 | 206209565 | 社科库509/509社科库 100排1列6层/ [索取号:D925.1/P141] | 在馆 |